LEADER 01313nam0-2200397---450 001 990005667230203316 005 20190403124956.0 035 $a000566723 035 $aUSA01000566723 035 $a(ALEPH)000566723USA01 035 $a000566723 100 $a20050411d1977----|||y0itaa50------ba 101 $aita 102 $ait 105 $a0 00||| 200 1 $aConsiglio politico finora inedito presentato al governo veneto nell'anno 1736 dal marchese Scipione Maffei$ediviso in tre parti 205 $aRist. anast 210 $aNapoli$cBibliopolis$dstampa 1977 215 $a125 p.$d23 cm 225 2 $a<> illuminismo italiano$fIstituto italiano per gli studi filosofici, Napoli 410 0$12001$a<> illuminismo italiano 620 $dMILANO 676 $a320 700 1$aMAFFEI,$bScipione$0135203 801 0$aIT$bSA$c20111219 912 $a990005667230203316 950 0$aDipar.to di Filosofia - Salerno$dDFAA 320 MAF$e673 FIL 951 $aAA 320 MAF$b2859 FIL 951 $aAA 320 MAF$b673 FIL 959 $aBK 969 $aFIL 979 $c20121027$lUSA01$h1525 979 $c20121027$lUSA01$h1615 996 $aConsiglio politico finora inedito presentato al governo veneto nell'anno 1736 dal marchese Scipione Maffei$9301454 997 $aUNISA NUM $aSA0013344 LEADER 02531nam 2200649Ia 450 001 9910962139003321 005 20251116143020.0 010 $a1-134-97471-X 010 $a1-134-97472-8 010 $a1-280-33836-9 010 $a0-203-02712-4 024 7 $a10.4324/9780203027127 035 $a(CKB)111056485509808 035 $a(EBL)165204 035 $a(OCoLC)560070549 035 $a(SSID)ssj0000263028 035 $a(PQKBManifestationID)11219145 035 $a(PQKBTitleCode)TC0000263028 035 $a(PQKBWorkID)10272098 035 $a(PQKB)11772470 035 $a(MiAaPQ)EBC165204 035 $a(Au-PeEL)EBL165204 035 $a(CaPaEBR)ebr10054686 035 $a(CaONFJC)MIL33836 035 $a(OCoLC)51052424 035 $a(EXLCZ)99111056485509808 100 $a19980924d2000 uy 0 101 0 $aeng 135 $aur|n|---||||| 181 $ctxt 182 $cc 183 $acr 200 10$aTuvaluan $ea Polynesian language of the Central Pacific /$fNiko Besnier 205 $a1st ed. 210 $aLondon ;$aNew York $cRoutledge$d2000 215 $a1 online resource (689 p.) 225 1 $aDescriptive grammars 300 $aDescription based upon print version of record. 311 08$a1-138-99393-X 311 08$a0-415-02456-0 320 $aIncludes bibliographical references (pages [647]-655) and index. 327 $aBook Cover; Title; Contents; List of tables, maps, and figures; Acknowledgements; Abbreviations and grammaticality conventions; INTRODUCTION; SYNTAX; MORPHOLOGY; PHONOLOGY; IDEOPHONES AND INTERJECTIONS; LEXICON 330 $aTuvaluan is a Polynesian language spoken by the 9,000 inhabitants of the nine atolls of Tuvalu in the Central Pacific, as well as small and growing Tuvaluan communities in Fiji, New Zealand, and Australia. This grammar is the first detailed description of the structure of Tuvaluan, one of the least well-documented languages of Polynesia. Tuvaluan pays particular attention to discourse and sociolinguistics factors at play in the structural organization of the language. 410 0$aDescriptive grammars. 606 $aTuvaluan language$xGrammar 606 $aPolynesian languages$xGrammar 615 0$aTuvaluan language$xGrammar. 615 0$aPolynesian languages$xGrammar. 676 $a499/.46 700 $aBesnier$b Niko$0174571 801 0$bMiAaPQ 801 1$bMiAaPQ 801 2$bMiAaPQ 906 $aBOOK 912 $a9910962139003321 996 $aTuvaluan$94482366 997 $aUNINA